| 000 | 00802nam a2200265 i 4500 | ||
|---|---|---|---|
| 001 | bg | ||
| 100 | 1 | _aYALDEN, Janice | |
| 245 | 1 | 0 |
_aPrinciples of course design for language teaching / _cJanice Yalden. |
| 250 | _a7th print. | ||
| 260 |
_aCambridge : _bCambridge Univ. Press, _c1996. |
||
| 300 |
_aIX, 207 s. ; _c22 cm. |
||
| 490 | 1 | _aCambridge Language Teaching Library | |
| 504 | _aBibliogr. - Indeks. | ||
| 650 | 9 |
_aJęzyk angielski _xnauczanie |
|
| 650 | 9 |
_aJęzyki _xnauczanie |
|
| 830 | _aCambridge Language Teaching Library | ||
| 020 | _a0521312213 | ||
| 040 | _cBPK | ||
| 041 | 0 | _aen | |
| 080 | _a372.881.111.1+372.881.1 | ||
| 920 | _a0-521-31221-3 | ||
| 942 | _cKS | ||
| 008 | s pl f |000 0 pol | ||
| 999 |
_c40272 _d40272 |
||
| 856 |
_uhttp://koha.tu.koszalin.pl/cgi-bin/koha/opac-detail.pl?biblionumber=40272 _yKatalog online BPK |
||